L'Histoire et ses méthodes / volum publié sous la direction de Charles Samaran
Descripción Física:
1771 p. : il. ; 18 cm
Colección:
Encyclopédie de la Pléiade ; 11
Otros Autores:
Samaran, Charles, dir
Materias:
Història -- Metodologia
MARC
| LEADER | 00000nam a2200000Ia 4500 | ||
|---|---|---|---|
| 001 | 7590 | ||
| 008 | 160829s1986 xx 000 0 cat d | ||
| 080 | |a H-1-227 | ||
| 245 | |a L'Histoire et ses méthodes / volum publié sous la direction de Charles Samaran | ||
| 260 | |a Paris : |b Gallimard, |c 1986 | ||
| 300 | |a 1771 p. : |b il. ; |c 18 cm | ||
| 490 | |a Encyclopédie de la Pléiade ; 11 | ||
| 590 | |a Presentació de les pàg. amb paper bíblia | ||
| 650 | |a Història |x Metodologia |9 28049 | ||
| 700 | |a Samaran, Charles, dir. |9 29103 | ||
| 901 | |a Arxiu | ||
| 942 | |n 1 | ||
| 952 | |0 0 |1 0 |4 0 |6 H1227 |7 1 |9 45062 |a Arxiu |b Arxiu |d 2016-12-01 |l 0 |o H-1-227 |p 7590 |r 2016-12-01 00:00:00 |w 2016-12-01 |y ARXIU | ||
| 999 | |c 47682 |d 47682 | ||